Представление документа в формате RUSMARC

ПолеНазваниеЗначение
  Тип записи a
  Библиографический уровень m
001 Контрольный номер RU/SLIB/B/208787653
005 Дата корректировки 20201206204407.8
010 Индекс ISBN __
a ISBN 5-9221-0522-1
d Цена 514-41
101 Язык документа __
a Язык текста rus
c Язык оригинала rus
200 Заглавие и сведения об ответственности 1_
a Заглавие Изотопы: свойства, получение, применение
e Сведения, относящиеся к заглавию [в 2 т.]
f Первые сведения об ответственности [Б. М. Андреев и др.] ; под ред. В. Ю. Баранова
b Общее обозначение материала Текст
h Номер части Т. 1
210 Выходные данные __
a Место издания М.
c Издательство Физматлит
d Дата издания 2005
215 Физическое описание __
a Объем 598, [1] с.
320 Библиография __
a Библиография Список лит.: с. 562-598
330 Аннотация __
a Аннотация Статьи о развитии наук, связанных с получением и применением стабильных и радиоактивных изотопов. Для ученых, инженеров, студентов, аспирантов, преподавателей.
606 Тематические рубрики __
a Основная рубрика Общая и неорганическая химия в целом
606 Тематические рубрики __
a Основная рубрика Химия
610 Ключевые слова __
a Ключевые слова химические элементы; химические соединения; изотопы; радиоактивные изотопы; стабильные изотопы; долгоживущие изотопы; молекулярно-кинетические методы; физико-химические методы; электромагнитные методы; плазменные методы; оптические методы; радионуклиды
686 Индексы других классификаций __
a Классификационный индекс 24.12
701 Альтернативная интеллектуальная ответственность _1
a Фамилия Андреев
b Имя Б. М.
4 Код отношения 070
4 Код отношения 340
701 Альтернативная интеллектуальная ответственность _1
a Фамилия Арефьев
b Имя Д. Г.
4 Код отношения 070
701 Альтернативная интеллектуальная ответственность _1
a Фамилия Баранов
b Имя В. Ю.
4 Код отношения 070
701 Альтернативная интеллектуальная ответственность _1
a Фамилия Бедняков
b Имя В. А.
4 Код отношения 070
701 Альтернативная интеллектуальная ответственность _1
a Фамилия Борисевич
b Имя В. Д.
4 Код отношения 070
701 Альтернативная интеллектуальная ответственность _1
a Фамилия Васильчук
b Имя А. К.
4 Код отношения 070
701 Альтернативная интеллектуальная ответственность _1
a Фамилия Верещагин
b Имя Ю. И.
4 Код отношения 070
701 Альтернативная интеллектуальная ответственность _1
a Фамилия Власов
b Имя А. А.
4 Код отношения 070
801 Источник записи _0
a Страна RU
b Организация Муниципальное бюджетное учреждение культуры "Централизованная библиотечная система" г. Сургут (Центральная городская библиотека им. А. С. Пушкина)
g Правила каталогизации КиК/Котельникова
801 Источник записи _1
a Страна RU
b Организация Муниципальное бюджетное учреждение культуры "Централизованная библиотечная система" г. Сургут (Центральная городская библиотека им. А. С. Пушкина)
g Правила каталогизации КиК/Котельникова
852 Данные о местонахождении __
j Шифр хранения 24.12
c Каталожный индекс 24.12
i Авторский знак И 38
901 Тип документа __
t Тип документа m
903 Характеристики (МАРС) __
a Дата передачи 20060506
990 Данные о заказе (DOS) __
j Количество экземпляров (DOS) 1
t N записи в КСУ для И/У (DOS) 200605